01271nam a2200301 i 4500001000700000003000900007005001700016008004100033020001800074080001400092080000900106080001300115100004700128245022500175260004500400300003500445490002400480500001500504595007400519599004600593650002000639650004000659650004300699830003200742852005300774999001900827952012300846185434ES-MaACL20250930063158.0160603s1979 xxua |||| | eng d a0-486-23701-X a514.172.2 a7:51 a502(0:7)1 aCook, Theodore Andrea, d1867-1928915975214aThe curves of life b: being an account of spiral formations and their application to growth in nature, to science, and to art : with special reference to the manuscripts of Leonardo da Vinci / cby Theodore Andrea Cook. aNew York : bDover Publications, c1979. aXXX, 479 p. : bil. ; c22 cm.1 aDover science books aÍndices. a[Reed. íntegra de la publ. en Londres: Constable and Company, 1914] aWith eleven plates and 415 illustrations. 4aCurvas.9163425 7aArte y matemáticas2embne9159753 7aNaturaleza (Estética)2embne91374290 aDover science books9225210 aES-MaACLjL-30318 z. - Donat. Miguel A. Velasco c185434d185434 00104070aATENEOMbATENEOMcDEPO2d2016-06-03eDONl0oL-30318p1195370r2023-02-23 00:00:00w2023-02-23yMONOGRAFIA